<?xml version="1.0" encoding="UTF-8"?><?xml-stylesheet type="text/xsl" href="static/style.xsl"?><OAI-PMH xmlns="http://www.openarchives.org/OAI/2.0/" xmlns:xsi="http://www.w3.org/2001/XMLSchema-instance" xsi:schemaLocation="http://www.openarchives.org/OAI/2.0/ http://www.openarchives.org/OAI/2.0/OAI-PMH.xsd"><responseDate>2026-04-13T13:41:56Z</responseDate><request verb="GetRecord" identifier="oai:www.recercat.cat:2445/222633" metadataPrefix="marc">https://recercat.cat/oai/request</request><GetRecord><record><header><identifier>oai:recercat.cat:2445/222633</identifier><datestamp>2025-12-04T23:48:13Z</datestamp><setSpec>com_2072_1057</setSpec><setSpec>col_2072_478857</setSpec><setSpec>col_2072_478917</setSpec></header><metadata><record xmlns="http://www.loc.gov/MARC21/slim" xmlns:dcterms="http://purl.org/dc/terms/" xmlns:xsi="http://www.w3.org/2001/XMLSchema-instance" xmlns:doc="http://www.lyncode.com/xoai" xsi:schemaLocation="http://www.loc.gov/MARC21/slim http://www.loc.gov/standards/marcxml/schema/MARC21slim.xsd">
   <leader>00925njm 22002777a 4500</leader>
   <datafield ind2=" " ind1=" " tag="042">
      <subfield code="a">dc</subfield>
   </datafield>
   <datafield ind2=" " ind1=" " tag="720">
      <subfield code="a">Hernando, Josep</subfield>
      <subfield code="e">author</subfield>
   </datafield>
   <datafield ind2=" " ind1=" " tag="260">
      <subfield code="c">2025-07-28T17:31:44Z</subfield>
   </datafield>
   <datafield ind2=" " ind1=" " tag="260">
      <subfield code="c">2025-07-28T17:31:44Z</subfield>
   </datafield>
   <datafield ind2=" " ind1=" " tag="260">
      <subfield code="c">2004</subfield>
   </datafield>
   <datafield ind2=" " ind1=" " tag="260">
      <subfield code="c">2025-07-28T17:31:44Z</subfield>
   </datafield>
   <datafield ind2=" " ind1=" " tag="520">
      <subfield code="a">És un fet que les lletres de canvi originals de l'època medieval són&#xd;
escasses. En un treball nostre sobre la lletra de canvi del segle XIV, publicat&#xd;
en aquesta mateixa revista, dèiem que les lletres originals del segle&#xd;
XIV conservades a Barcelona conegudes fins aquell moment eren cinc:&#xd;
quatre es troben a I' Arxiu Històric de la Ciutat de Barcelona i una altra la&#xd;
posseeix el Foment del Treball Nacional de Barcelona. Presentàvem llavors&#xd;
per primera vegada dues lletres de canvi originals del segle XIV inèdites&#xd;
fins aquell moment. Doncs bé, hem trobat una altra lletra original&#xd;
datada el dia 17 de gener de 1392.  Si hom té present que del segle XIV tan&#xd;
sols es conserven vuit peces, qualsevol troballa d'una altra peça justifica la&#xd;
seva publicació.</subfield>
   </datafield>
   <datafield tag="653" ind2=" " ind1=" ">
      <subfield code="a">Lletres de canvi</subfield>
   </datafield>
   <datafield tag="653" ind2=" " ind1=" ">
      <subfield code="a">Fonts històriques</subfield>
   </datafield>
   <datafield tag="653" ind2=" " ind1=" ">
      <subfield code="a">Barcelona (Catalunya)</subfield>
   </datafield>
   <datafield tag="653" ind2=" " ind1=" ">
      <subfield code="a">València (País Valencià)</subfield>
   </datafield>
   <datafield tag="653" ind2=" " ind1=" ">
      <subfield code="a">Bills of exchange</subfield>
   </datafield>
   <datafield tag="653" ind2=" " ind1=" ">
      <subfield code="a">History sources</subfield>
   </datafield>
   <datafield tag="653" ind2=" " ind1=" ">
      <subfield code="a">Barcelona (Catalonia)</subfield>
   </datafield>
   <datafield tag="653" ind2=" " ind1=" ">
      <subfield code="a">Valencia (Valencian Community)</subfield>
   </datafield>
   <datafield tag="653" ind2=" " ind1=" ">
      <subfield code="a">Segle XIV</subfield>
   </datafield>
   <datafield ind2="0" ind1="0" tag="245">
      <subfield code="a">Una lletra de canvi original inèdita, girada des de València contra Barcelona, de 1392</subfield>
   </datafield>
</record></metadata></record></GetRecord></OAI-PMH>